Comuni della Toscana - Statistics

Statistiche generali
  • Questo quiz è stato fatto 13 volte
  • Il punteggio medio è 59 su 273
Statistiche sulle risposte
Provincia Comune % Corretto
Firenze
85%
Livorno
85%
Massa
85%
Pistoia
85%
Prato
85%
Arezzo
77%
Grosseto
77%
Lucca
77%
Pisa
77%
Siena
77%
Carrara
69%
Piombino
62%
Cecina
54%
Empoli
54%
Sesto Fiorentino
54%
Viareggio
54%
Volterra
54%
Orbetello
46%
Camaiore
38%
Castagneto Carducci
38%
Certaldo
38%
Fiesole
38%
Follonica
38%
Forte dei Marmi
38%
Pienza
38%
Poggibonsi
38%
San Gimignano
38%
Barberino di Mugello
31%
Livorno Bibbona
31%
Capoliveri
31%
Castiglione della Pescaia
31%
Firenzuola
31%
Marciana
31%
Monte Argentario
31%
Montecatini Terme
31%
Monteriggioni
31%
Montescudaio
31%
Montevarchi
31%
Pescia
31%
Pietrasanta
31%
Pontedera
31%
Rio
31%
Rosignano Marittimo
31%
Sansepolcro
31%
Scandicci
31%
Arezzo Anghiari
23%
Massa-Carrara Aulla
23%
Barberino Tavarnelle
23%
Borgo San Lorenzo
23%
Calenzano
23%
Campi Bisenzio
23%
Campiglia Marittima
23%
Capannori
23%
Casole d'Elsa
23%
Castelfiorentino
23%
Chiesina Uzzanese
23%
Collesalvetti
23%
Gambassi Terme
23%
Impruneta
23%
Isola del Giglio
23%
Lajatico
23%
Manciano
23%
Marciana Marina
23%
Montalcino
23%
Montecarlo
23%
Montepulciano
23%
Montespertoli
23%
Montieri
23%
Peccioli
23%
Pitigliano
23%
Pomarance
23%
Ponsacco
23%
Pontremoli
23%
Portoferraio
23%
Radicondoli
23%
Rapolano Terme
23%
San Miniato
23%
Santa Luce
23%
San Vincenzo
23%
Talla
23%
Terranuova Bracciolini
23%
Terricciola
23%
Uzzano
23%
Vaglia
23%
Vaiano
23%
Siena Abbadia San Salvatore
15%
Pistoia Abetone Cutigliano
15%
Agliana
15%
Lucca Altopascio
15%
Grosseto Arcidosso
15%
Asciano
15%
Badia Tedalda
15%
Bagni di Lucca
15%
Firenze Bagno a Ripoli
15%
Bagnone
15%
Barga
15%
Bibbiena
15%
Pisa Bientina
15%
Borgo a Mozzano
15%
Bucine
15%
Buggiano
15%
Buonconvento
15%
Buti
15%
Calci
15%
Calcinaia
15%
Campagnatico
15%
Campo nell'Elba
15%
Camporgiano
15%
Prato Cantagallo
15%
Capalbio
15%
Capannoli
15%
Capolona
15%
Capraia Isola
15%
Caprese Michelangelo
15%
Careggine
15%
Carmignano
15%
Casale Marittimo
15%
Casciana Terme Lari
15%
Casola in Lunigiana
15%
Castel del Piano
15%
Castel Focognano
15%
Pisa Castelfranco di Sotto
15%
Castelfranco Piandiscò
15%
Castell'Azzara
15%
Castellina Marittima
15%
Castelnuovo di Garfagnana
15%
Castelnuovo di Val di Cecina
15%
Castel San Niccolò
15%
Castiglione di Garfagnana
15%
Castiglione d'Orcia
15%
Castiglion Fibocchi
15%
Castiglion Fiorentino
15%
Cavriglia
15%
Cerreto Guidi
15%
Cetona
15%
Chianciano Terme
15%
Chianni
15%
Chitignano
15%
Chiusdino
15%
Chiusi
15%
Chiusi della Verna
15%
Cinigiano
15%
Civitella in Val di Chiana
15%
Civitella Paganico
15%
Colle di Val d'Elsa
15%
Comano
15%
Coreglia Antelminelli
15%
Cortona
15%
Crespina Lorenzana
15%
Dicomano
15%
Fabbriche di Vergemoli
15%
Fauglia
15%
Figline e Incisa Valdarno
15%
Filattiera
15%
Fivizzano
15%
Foiano della Chiana
15%
Fosciandora
15%
Fosdinovo
15%
Fucecchio
15%
Gaiole in Chianti
15%
Gallicano
15%
Gavorrano
15%
Greve in Chianti
15%
Guardistallo
15%
Lamporecchio
15%
Larciano
15%
Lastra a Signa
15%
Laterina Pergine Valdarno
15%
Licciana Nardi
15%
Londa
15%
Loro Ciuffenna
15%
Lucignano
15%
Marciano della Chiana
15%
Marliana
15%
Marradi
15%
Massa e Cozzile
15%
Grosseto Massa Marittima
15%
Massarosa
15%
Minucciano
15%
Molazzana
15%
Monsummano Terme
15%
Montaione
15%
Montale
15%
Montecatini Val di Cecina
15%
Montelupo Fiorentino
15%
Montemignaio
15%
Montemurlo
15%
Monterchi
15%
Monteroni d'Arbia
15%
Monterotondo Marittimo
15%
Monte San Savino
15%
Monteverdi Marittimo
15%
Monticiano
15%
Montignoso
15%
Montopoli in Val d'Arno
15%
Mulazzo
15%
Murlo
15%
Orciano Pisano
15%
Palaia
15%
Palazzuolo sul Senio
15%
Pelago
15%
Piancastagnaio
15%
Piazza al Serchio
15%
Pieve a Nievole
15%
Pieve Fosciana
15%
Pieve Santo Stefano
15%
Podenzana
15%
Poggio a Caiano
15%
Pontassieve
15%
Ponte Buggianese
15%
Poppi
15%
Porcari
15%
Porto Azzurro
15%
Pratovecchio Stia
15%
Quarrata
15%
Radicofani
15%
Reggello
15%
Rignano sull'Arno
15%
Riparbella
15%
Roccalbegna
15%
Roccastrada
15%
Rufina
15%
Sambuca Pistoiese
15%
San Casciano dei Bagni
15%
San Casciano in Val di Pesa
15%
San Giovanni Valdarno
15%
San Giuliano Terme
15%
San Godenzo
15%
San Marcello Piteglio
15%
San Quirico d'Orcia
15%
San Romano in Garfagnana
15%
Santa Croce sull'Arno
15%
Santa Fiora
15%
Santa Maria a Monte
15%
Sarteano
15%
Scansano
15%
Scarlino
15%
Scarperia e San Piero
15%
Seggiano
15%
Semproniano
15%
Seravezza
15%
Serravalle Pistoiese
15%
Sestino
15%
Signa
15%
Sillano Giuncugnano
15%
Sinalunga
15%
Sorano
15%
Sovicille
15%
Stazzema
15%
Subbiano
15%
Suvereto
15%
Torrita di Siena
15%
Trequanda
15%
Tresana
15%
Vagli Sotto
15%
Vecchiano
15%
Vernio
15%
Vicchio
15%
Vicopisano
15%
Villa Basilica
15%
Villa Collemandina
15%
Villafranca in Lunigiana
15%
Vinci
15%
Zeri
15%
Capraia e Limite
8%
Cascina
8%
Castellina in Chianti
8%
Castelnuovo Berardenga
8%
Magliano in Toscana
8%
Ortignano Raggiolo
8%
Pescaglia
8%
Radda in Chianti
8%
Sassetta
8%
Nessun quiz corrispondente trovato
Distribuzione punteggi
Percentuale di utenti per punteggio
Percentile per numero di risposta
I tuoi punteggi nel tempo
Non hai fatto questo quiz